| 000 | 01212aaa a2200241 a 4500 | ||
|---|---|---|---|
| 001 | 78745 | ||
| 003 | BD-RjUL | ||
| 005 | 20211209083153.0 | ||
| 008 | 211110s2002 su ||||| |||| 00| 0 ara d | ||
| 035 | _a(BD-RjUL)78971 | ||
| 040 |
_aBD-RjUL _beng _cBD-RjUL |
||
| 041 | _aara | ||
| 082 |
_223 _a892.714 _bSEK 2002 |
||
| 100 |
_aسليم، محمد إبراهيم. ;; Selim, Mohamed Ibrahim. _9249499 |
||
| 245 |
_aكعب بن زهير بن أبي سلمى : أحد فحول المخضرمين، وصاحب بانت سعاد في مدح النبي الأمين ;;Kaʻb ibn Zuhayr ibn Abī Sulamá : aḥad fuḥūl al-mukhaḍramīn, wa-ṣāḥib Bānit Suʻād fī madʹh al-Nabī al-Amīn! / _cمحمد إبراهيم سليم. كعب بن زهير ;;Muḥammad Ibrāhīm Salīm |
||
| 260 |
_a Madīnat Naṣr, al-Qāhirah : _bدار الطلائع،Dār al-Ṭalāʼiʻ, _c2002 |
||
| 300 |
_a79 pages ; _c24 cm. |
||
| 490 | _aShuʻarāʼ al-ʻArab wa-al-Islām. | ||
| 500 | _a Kaʻb ibn Zuhayr ; Poets; Arabic poetry; biography; history and criticism. | ||
| 600 |
_aKaʻb ibn Zuhayr. _x Qaṣīdat al-Burdah. _9249834 |
||
| 650 |
_aQaṣīdat al-Burdah (Kaʻb ibn Zuhayr) _9249835 |
||
| 942 |
_2ddc _cBK |
||
| 999 |
_c78745 _d78745 |
||